Vista normal
Vista MARC
Entrada Materia (personas)
Número de registros utilizados en: 1
001 - CONTROL NUMBER
- control field: 64706
003 - CONTROL NUMBER IDENTIFIER
- control field: Co-BoUCM
005 - DATE AND TIME OF LATEST TRANSACTION
- control field: 20140922145413.0
008 - FIXED-LENGTH DATA ELEMENTS
- fixed length control field: 140922|| aca||aabn | a|a d
040 ## - CATALOGING SOURCE
- Original cataloging agency: Co-BoUCM
- Transcribing agency: Co-BoUCM
100 ## - HEADING--PERSONAL NAME
- Personal name: Villalba, Bartolome de
670 ## - SOURCE DATA FOUND
- Source citation: Work cat.: (Co-BoUCM)72837: Villalba, Bartolome de, Sangre trivnfal de la iglesia, Sangre triunfal de la iglesia ... De la regular observancia de San Francisco [segundo tomo], 1672